LEADER 04625nam 2200733 450 001 9910462623203321 005 20200520144314.0 010 $a90-04-22424-6 010 $a90-04-23036-X 035 $a(CKB)2670000000356663 035 $a(EBL)1823669 035 $a(SSID)ssj0000801306 035 $a(PQKBManifestationID)11494176 035 $a(PQKBTitleCode)TC0000801306 035 $a(PQKBWorkID)10773905 035 $a(PQKB)11652370 035 $a(MiAaPQ)EBC1823669 035 $a(OCoLC)849493498 035 $a(nllekb)BRILL9789004230361 035 $a(PPN)174548621 035 $a(Au-PeEL)EBL1823669 035 $a(CaPaEBR)ebr10958859 035 $a(CaONFJC)MIL653623 035 $a(OCoLC)894170691 035 $a(EXLCZ)992670000000356663 100 $a20141108h20122012 uy 0 101 0 $aeng 135 $aurcnu|||||||| 181 $ctxt 182 $cc 183 $acr 200 00$aAtlas of European values $etrends and traditions at the turn of the century /$f[compiled and edited by] Loek Halman, Inge Sieben and Marga van Zundert 210 1$aLeiden, Netherlands :$cKoninklijke Brill,$d2012. 210 4$dİ2012 215 $a1 online resource (152 p.) 225 1 $aEuropean Values Studies 300 $aPresents a selection of the data from the European Values Study surveys and shows the data from the latest 2008 wave (the fourth wave) to detect trends of stability or change in value patterns since the 1980's. Findings were compared with the data of the previous EVS waves, the first in 1981, the second in 1990, the third in 1999. The process was guided and monitored by the EVS Methodology Group and involved the cooperation of many others. Detailed information on the European Values Study can be found at www.europeanvaluesstudy.eu. More documentation on the World Values Survey can be found at the WVS website www.worldvaluessurvey.org. 311 $a1-322-22343-2 311 $a90-04-20705-8 327 $tPreliminary Material /$rLoek Halman , Inge Sieben and Marga van Zundert --$tEurope /$rLoek Halman , Inge Sieben and Marga van Zundert --$tFamily /$rLoek Halman , Inge Sieben and Marga van Zundert --$tWork /$rLoek Halman , Inge Sieben and Marga van Zundert --$tReligion /$rLoek Halman , Inge Sieben and Marga van Zundert --$tPolitics /$rLoek Halman , Inge Sieben and Marga van Zundert --$tSociety /$rLoek Halman , Inge Sieben and Marga van Zundert --$tWell-being /$rLoek Halman , Inge Sieben and Marga van Zundert --$tEuropean values at the turn of the century /$rLoek Halman , Inge Sieben and Marga van Zundert --$tEuropean country information /$rLoek Halman , Inge Sieben and Marga van Zundert --$tAbout the European Values Study /$rLoek Halman , Inge Sieben and Marga van Zundert --$tAcknowledgements /$rLoek Halman , Inge Sieben and Marga van Zundert. 330 $aWho are the Europeans? How do they think about life after death, work, sex, euthanasia, immigration or freedom? What traditions do they cherish, and which modern values gain ground? This second Atlas of European Values summarizes the beliefs of Europeans in almost two hundred informative graphs, charts and maps. This Atlas is the result of the European Values Study, a research project that has measured values and beliefs throughout Europe since the 1980's. Today, the study spans a full generation, revealing value changes on topics such as homosexuality and working moms, but also demonstrating firm European traditions in democracy and rejection of bribes. The unique Atlas of European Values covers all European nations from Iceland to Turkey, and from Portugal to Russia. It graphically illustrates the rich diversity of values and beliefs of the more than 800 million Europeans living inside and outside the European Union today. 410 0$aEuropean values studies. 606 $aSocial values$zEurope$xPublic opinion$vMaps 606 $aValues$zEurope$xPublic opinion$vMaps 606 $aEuropeans$xAttitudes$vMaps 606 $aPublic opinion$zEurope$vMaps 606 $aGroup identity$zEurope$vMaps 608 $aElectronic books. 615 0$aSocial values$xPublic opinion 615 0$aValues$xPublic opinion 615 0$aEuropeans$xAttitudes 615 0$aPublic opinion 615 0$aGroup identity 676 $a303.37209409049 702 $aZundert$b Marga van 702 $aSieben$b Inge Josephina Petra$f1973- 702 $aHalman$b Loek 801 0$bMiAaPQ 801 1$bMiAaPQ 801 2$bMiAaPQ 906 $aBOOK 912 $a9910462623203321 996 $aAtlas of European values$92120639 997 $aUNINA LEADER 02003nam 2200493Ia 450 001 996393608903316 005 20200824132545.0 035 $a(CKB)4940000000117557 035 $a(EEBO)2240941022 035 $a(OCoLC)ocm13483100e 035 $a(OCoLC)13483100 035 $a(EXLCZ)994940000000117557 100 $a19860423d1675 uy | 101 0 $aeng 135 $aurbn||||a|bb| 200 14$aThe whole duty of man$b[electronic resource] $elaid down in a plain and familiar way for the use of all, but especially the meanest reader : divided into XVII chapters, one whereof being read every Lords Day the whole may be read over thrice in the year : necessary for all families ; with Private devotions for several occasions 210 $aLondon $cPrinted by R. Norton for Robert Pawlet ...$d1675 215 $a[20], 503, [9] p. $cill 300 $a"To the bookseller" signed: H. Hammond. 300 $aWritten by Richard Allestree. Cf. BM. 300 $aAlso variously ascribed to Lady Pakington, Richard Sterne, John Fell, Humphrey Henchman, and others. Cf. DNB. 300 $aAdded t.p. engraved. 300 $a"Private devotions for several occasions," p. [401]-503, has special t.p. 300 $aAdvertisements on p. [8-9] 300 $aReproduction of original in Cambridge University Library. 330 $aeebo-0021 606 $aChristian life$vEarly works to 1800 606 $aDevotional exercises 615 0$aChristian life 615 0$aDevotional exercises. 700 $aAllestree$b Richard$f1619-1681.$0793142 701 $aSterne$b Richard$f1596?-1683.$01001111 701 $aPakington$b Dorothy Coventry$cLady,$fd. 1679.$01001112 701 $aFell$b John$f1625-1686.$01001113 701 $aHenchman$b Humphrey$f1592-1675.$0793659 801 0$bEAA 801 1$bEAA 801 2$bm/c 801 2$bEAA 801 2$bWaOLN 906 $aBOOK 912 $a996393608903316 996 $aThe whole duty of man$92343430 997 $aUNISA LEADER 01685nas 2200493-a 450 001 996213096603316 005 20240104213018.0 011 $a1466-4453 035 $a(DE-599)ZDB1481270-8 035 $a(OCoLC)37788230 035 $a(CKB)954925273431 035 $a(CONSER)--2007247619 035 $a(EXLCZ)99954925273431 100 $a19971015a19919999 s-- - 101 0 $aeng 135 $aurmnu|||||||| 181 $ctxt$2rdacontent 182 $cc$2rdamedia 183 $acr$2rdacarrier 200 10$aJournal of property research 210 $a[London] $cE. & F.N. Spon Ltd. in association with the Land Development Studies Trust$d1991- 300 $aRefereed/Peer-reviewed 300 $aTitle from available issues screen (informaworld, viewed May 14, 2007). 300 $aPublished: [Oxford, UK] : Routledge, Taylor & Francis Group, <1999>- 311 $a0959-9916 531 $aJ PROP RES 606 $aReal estate business$zGreat Britain$vPeriodicals 606 $aLand use$zGreat Britain$vPeriodicals 606 $aLand use$2fast$3(OCoLC)fst00991472 606 $aReal estate business$2fast$3(OCoLC)fst01090898 607 $aGreat Britain$2fast$1https://id.oclc.org/worldcat/entity/E39PBJdmp7p3cx8hpmJ8HvmTpP 608 $aPeriodicals.$2fast 608 $aPeriodicals.$2lcgft 610 1 $aReal property 615 0$aReal estate business 615 0$aLand use 615 7$aLand use. 615 7$aReal estate business. 676 $a333.33 712 02$aLand Development Studies Education Trust (Great Britain), 906 $aJOURNAL 912 $a996213096603316 996 $aJournal of property research$92557748 997 $aUNISA